| 000 | 00474nam a2200121 a 4500 | ||
|---|---|---|---|
| 008 | 120416s1969 ||||||||||||||||| || u | ||
| 050 | _aHF 5549 Ste | ||
| 100 | _aSteinmetz, Lawrence L | ||
| 245 | 1 | 0 | _aManaging the marginal and unsatisfactory performer |
| 260 |
_aReading, Mass. _bAddison-Wesley _c1969 |
||
| 350 | _a0.00 | ||
| 995 |
_D0.00 _FCBU-MAIN LIBRARY (Kitwe) _H1 _I0.00 _UAVAILABLE _ZMain Library Open Access Collection |
||
| 999 |
_c50229 _d50229 |
||